书目信息 |
| 题名: |
国外考察报告选编
|
|
| 作者: | ;国家农业委员会外事局 编 | |
| 分册: | ||
| 出版信息: | 北京 农业出版社 1982 |
|
| 页数: | 224页 | |
| 开本: | 21cm | |
| 丛书名: | ||
| 单 册: | ||
| 中图分类: | S-11 | |
| 科图分类: | ||
| 主题词: | 农业--考察报告--世界--选集 | |
| 电子资源: | ||
| ISBN: | 4144.464 | |
| 000 | 00694nam0 2200229 450 | |
| 001 | 0182009658 | |
| 005 | 20100712220324.0 | |
| 010 | @a4144.464@dCNY0.90 | |
| 091 | @a4144.464 | |
| 100 | @a19950621d1982 emky0chiy0110 ea | |
| 101 | 0 | @achi |
| 102 | @aCN@b110000 | |
| 105 | @ay p 000yy | |
| 106 | @ar | |
| 200 | 1 | @a国外考察报告选编@9Guo Wai Kao Cha Bao Gao Xuan Bian @e综合分册(1980-1981年)@f国家农业委员会外事局编 |
| 210 | @a北京@c农业出版社@d1982 | |
| 215 | @a224页@d21cm | |
| 606 | 0 | @a农业@x考察报告@y世界@x选集 |
| 690 | @aS-11@v3 | |
| 711 | 02 | @a国家农业委员会外事局@9guo jia nong ye wei yuan hui wai shi ju@4编 |
| 801 | 0 | @aCN@b91MARC@c20130904 |
| 905 | @aBZT@dS-11@e2@f5@sS-11/2 | |
| 国外考察报告选编:综合分册(1980-1981年)/国家农业委员会外事局编.-北京:农业出版社,1982 |
| 224页;21cm |
| ISBN 4144.464:CNY0.90 |
| ● |
| 相关链接 |
|
|
|
正题名:国外考察报告选编
索取号:S-11/2
 
预约/预借
| 序号 | 登录号 | 条形码 | 馆藏地/架位号 | 状态 | 备注 |
| 1 | 2000041856 | 2000041856 | 旧书回溯/ [索取号:S-11/2] | 在馆 | |
| 2 | 2000041857 | 2000041857 | 旧书回溯/ [索取号:S-11/2] | 在馆 | |
| 3 | 2000041858 | 2000041858 | 旧书回溯/ [索取号:S-11/2] | 在馆 | |
| 4 | 2000041859 | 2000041859 | 旧书回溯/ [索取号:S-11/2] | 在馆 | |
| 5 | 2000041860 | 2000041860 | 旧书回溯/ [索取号:S-11/2] | 在馆 |